000 00486nam a2200169Ia 4500
008 241115s9999 xx 000 0 und d
020 _a9780367895242
082 _a006.66 PAR
100 _aParekh, Ranjan,
245 0 _aFundamentals of Graphics using MATLAB
250 _a1st
260 _aBoca Raton:
_bCRC Press/Taylor & Francis Group,
_c2021.
300 _axv, 410p. illustrations (some color) ;
600 _aComputer Science
650 _aComputer Science
942 _cBBD
999 _c27138
_d27138